I Was Given That Name! Quiz Stats

 Plays Quiz Updated Feb 20, 2018

Score 0/12 Timer 03:00
1 Play Today
Question Answer Wrong Answers
Who portrayed Ray Barone in Everybody Loves Raymond? Ray Romano
95.2%
Ray Liotta
1.9%
Ray Combs
2.4%
Who portrayed Roseanne Conner in Roseanne? Rosanne Barr
93.5%
Rosanne Cash
3.4%
Roseanne Supernault
1.8%
Who portrayed Ellen Morgan in Ellen? Ellen DeGeneres
89.5%
Ellen Pompeo
3.2%
Ellen Page
5.9%
Who portrayed Jim in According to Jim? Jim Belushi
81.4%
Jim Carrey
8.4%
Jim Parsons
9.4%
Who portrayed Drake Parker in Drake & Josh? Drake Bell
81.2%
Drake Graham
11.6%
Drake Sather
5.4%
Who portrayed Oscar Martinez in The Office? Oscar Nuñez
78.4%
Oscar Isaac
10.9%
Oscar Diggs
8.6%
Who portrayed Lucy Carter in Here's Lucy? Lucille Ball
78.2%
Lucy Liu
10%
Lucy Lawless
11.5%
Who portrayed Mindy Lahiri in The Mindy Project ? Mindy Kaling
77.9%
Mindy Cohn
10.7%
Mindy McCready
8.7%
Who portrayed Martin Payne in Martin? Martin Lawrence
75.6%
Martin Milner
7%
Martin Sheen
15.2%
Who portrayed Norm Henderson in Norm (The Norm Show)? Norm Macdonald
63.4%
Norm Peterson
24.4%
Norm Lewis
9.2%
Who portrayed Whitney in the sitcom Whitney? Whitney Cummings
63.1%
Whitney Houston
11.3%
Whitney Blake
22.8%
Who Portrayed Bob McKay in the 1990s sitcom Bob? Bob Newhart
61%
Bob Hope
12.3%
Bob Saget
24.2%

You're not logged in!

Compare scores with friends on all Sporcle quizzes.
OR
Log In

Show Comments

Extras

Top Quizzes Today


Score Distribution

Your Account Isn't Verified!

In order to create a playlist on Sporcle, you need to verify the email address you used during registration. Go to your Sporcle Settings to finish the process.

Report this User

Report this user for behavior that violates our Community Guidelines.

Details: